Sports Quiz

Random Sports or Soccer Quiz

All-Time Champions' League Goalscorers Quiz Stats

 Plays Quiz Updated Jun 10, 2019

Score 0/163 Timer 20:00
83 Plays Today
Info Player % Correct
POR-STCristiano Ronaldo
98.6%
BRA-STRonaldo
98.5%
ARG-STLionel Messi
98.4%
FRA-STThierry Henry
92.8%
SWE-STZlatan Ibrahimović
92.6%
CIV-STDidier Drogba
91.4%
SPA-STRaúl González
91.1%
UKR-STAndriy Shevchenko
88.1%
NED-STRuud van Nistelrooy
87.1%
URU-STLuis Suárez
86.9%
ENG-STWayne Rooney
85.8%
CAM-STSamuel Eto'o
84.1%
WAL-MFGareth Bale
83.9%
WAL-MFRyan Giggs
83.7%
FRA-STKarim Benzema
82.8%
ENG-MFFrank Lampard
82.3%
SPA-MFXavi
81.9%
ENG-MFSteven Gerrard
81.9%
NED-STRobin van Persie
81.8%
NED-MFArjen Robben
81.6%
GER-MFThomas Müller
80.5%
POL-STRobert Lewandowski
80.3%
SPA-STFernando Torres
80.2%
ARG-STSergio Agüero
80.1%
BRA-STNeymar
79.7%
SPA-MFAndrés Iniesta
78.7%
BRA-MFRonaldinho
77.7%
ENG-MFPaul Scholes
76.9%
SPA-STDavid Villa
76.4%
ITA-STFilippo Inzaghi
76%
ITA-STSimone Inzaghi
75.9%
ITA-STAlessandro Del Piero
75.7%
FRA-MFZinedine Zidane
75.2%
ENG-MFDavid Beckham
72.6%
BRA-MFKaká
71.2%
ENG-STAndrew Cole
70.2%
URU-STEdinson Cavani
69.9%
BRA-MFRivaldo
69.4%
ITA-STFrancesco Totti
68.1%
SPA-STDiego Costa
68%
FRA-MFFranck Ribéry
67.9%
BRA-MFDouglas Costa
67.3%
POR-MFLuís Figo
67.3%
SPA-DFSergio Ramos
66.9%
SPA-MFPedro
66%
FRA-STDavid Trezeguet
65.8%
GER-STMiroslav Klose
65.7%
BOS-STEdin Džeko
65.5%
CHI-STAlexis Sánchez
65.5%
ENG-STMichael Owen
64.6%
TRI-STDwight Yorke
64.1%
ARG-STGonzalo Higuaín
63.6%
IRE-MFRoy Keane
63.5%
SPA-STFernando Morientes
63.2%
SPA-MFGuti
63.2%
Info Player % Correct
GER-STMario Gomez
63%
NED-STPatrick Kluivert
62.3%
ARG-STCarlos Tevez
62.3%
ENG-STHarry Kane
62.2%
NOR-STOle Gunnar Solskjær
61%
BUL-STDimitar Berbatov
60.8%
ARG-STHernan Crespo
59.8%
MEX-STChicharito
59.8%
BRA-DFRoberto Carlos
59.8%
CZE-MFPavel Nedved
59.4%
CRO-STMario Mandžukić
59.1%
NED-MFWesley Sneijder
57.7%
ENG-DFJohn Terry
56.7%
GER-MFMichael Ballack
56.6%
FRA-STNicolas Anelka
56%
FRA-MFRobert Pires
55.9%
POR-MFDeco
54%
TOG-STEmmanuel Adebayor
53.8%
SPA-DFGerard Piqué
53.6%
FIN-MFJari Litmanen
53%
GER-MFMesut Özil
52.2%
NED-STKlaas-Jan Huntelaar
52%
GER-MFBastian Schweinsteiger
51.7%
SPA-MFCesc Fàbregas
50.9%
ITA-STChristian Vieri
50.7%
ARG-MFÁngel Di María
50.4%
NED-MFClarence Seedorf
50%
BRA-STLuiz Adriano
48.8%
GER-MFMarco Reus
48.8%
BRA-STAdriano
48.5%
GHA-MFMichael Essien
47.8%
FRA-STSylvain Wiltord
46.1%
GER-MFMario Götze
46.1%
LIB-STGeorge Weah
45.9%
SWE-MFFredrik Ljungberg
45.8%
ENG-STPeter Crouch
45.7%
NED-STRoy Makaay
45.2%
PER-STClaudio Pizarro
44.9%
GER-STLukas Podolski
44.3%
NOR-STJohn Carew
42.6%
CZE-STJan Koller
42.2%
FRA-STOlivier Giroud
42%
BRA-DFDani Alves
41.8%
BRA-MFJuninho Pernambucano
40.9%
TUR-STHakan Sükür
40.7%
CHI-MFArturo Vidal
39.8%
SEN-MFSadio Mané
38.5%
UKR-STSergiy Rebrov
38.4%
BRA-STGiovane Elber
38.1%
CZE-MFTomáš Rosický
38.1%
BUL-STHristo Stoichkov
37.8%
BRA-STHulk
36.6%
ENG-MFTheo Walcott
34.8%
BRA-MFWillian
34.7%
EGY-STMohamed Salah
34.7%
Info Player % Correct
ARG-STLisandro Lopez
33.9%
ARG-STClaudio López
33.7%
ENG-STRaheem Sterling
33.4%
BRA-MFSavio
32.1%
BRA-STSonny Anderson
31.9%
SPA-MFLuis García
31.3%
COL-STJackson Martínez
30.9%
SPA-STÁlvaro Morata
30.8%
ARG-STJavier Saviola
30.4%
DEN-STJon Dahl Tomasson
29.9%
SPA-STRoberto Soldado
29.5%
FRA-MFAntoine Griezmann
29.4%
CRO-STIvica Olić
29.2%
BOS-MFMiralem Pjanić
28.5%
BRA-STMario Jardel
28.2%
SER-MFDejan Stanković
27.8%
ITA-STAlberto Gilardino
27.5%
ARG-STJulio Cruz
27.1%
SPA-MFLuis Enrique
26.4%
GER-STCarsten Jancker
25.9%
ARG-MFLucho González
25.3%
SPA-DFIván Helguera
25.3%
POR-MFRicardo Quaresma
24.5%
GER-MFMehmet Scholl
24.3%
PER-MFJefferson Farfán
24.3%
SPA-STDiego Tristán
23.3%
TUR-STBurak Yılmaz
23%
MON-STMirko Vučinić
22.9%
BRA-STRoberto Firmino
22.6%
FRA-STKylian Mbappé
22.4%
ITA-STMarco Simone
22.2%
PAR-STÓscar Cardozo
21.6%
FRA-STSidney Govou
21.3%
KOR-STSon Heung-min
20.5%
COL-STRadamel Falcao
20%
GRE-STKonstantinos Mitroglou
19.2%
SLO-MFZlatko Zahović
18.4%
GAB-STPierre-Emerick Aubameyang
18.4%
ARG-MFPaulo Dybala
17.5%
CIV-STSeydou Doumbia
17.4%
URU-STWalter Pandiani
16.5%
BRA-MFGiovanni
16.4%
ITA-DFChristian Panucci
16.1%
BRA-MFPaulo Sergio
16.1%
BRA-MFAlex Teixeira
13.1%
NOR-MFRoar Strand
12.9%
BRA-STJonas
12.8%
CYP-STMichalis Konstantinou
12.4%
SPA-MFJosé Callejón
12.4%
NOR-STHarald Brattbakk
11.1%
CAM-STVincent Aboubakar
10.5%
UZB-STMaksim Shatskikh
8.1%
FRA-STWissam Ben Yedder
6.2%

You're not logged in!

Compare scores with friends on all Sporcle quizzes.
OR
Log In

Show Comments

Extras

Top Quizzes Today


Score Distribution

Your Account Isn't Verified!

In order to create a playlist on Sporcle, you need to verify the email address you used during registration. Go to your Sporcle Settings to finish the process.

Report this User

Report this user for behavior that violates our Community Guidelines.

Details: